| 000 | 03810nam a22002657a 4500 | ||
|---|---|---|---|
| 999 |
_c458717 _d458717 |
||
| 001 | 5150453 | ||
| 003 | UA-OsUOA | ||
| 005 | 20200410155044.0 | ||
| 008 | 200403b un ||||| m||| 00| 0 ukr d | ||
| 040 |
_aUA-OsUOA _bukr _cUA-OsUOA _dUA-OsUOA |
||
| 041 | _aukr | ||
| 080 | _a343.98.06(477) | ||
| 090 | _a343.98.06(477) | ||
| 095 |
_a12.00.09 _bкримінальний процес та криміналістика; судова експертиза; оперативно-розшукова діяльність |
||
| 100 | _aКолесник Ю. В. | ||
| 245 |
_aСлідчі та негласні слідчі (розшукові) дії як криміналістичні засоби діяльності слідчого в досудовому розслідуванні _cЮрій Валерійович Колесник ; наук. керівник Кудінов Сергій Сергійович |
||
| 260 |
_aКиїв _c2016 |
||
| 300 | _a20 с. | ||
| 502 |
_6Автореферат дисертації на здобуття наукового ступеня кандидата юридичних наук
_cАкадемія адвокатури України _d2016 |
||
| 520 | _aНа підставі з'ясування теоретико-правових засад, стану використання слідчих (розшукових) дій в кримінальному провадженні з’ясовано сучасні можливості їх використання органом досудового розслідування як криміналістичних засобів збирання доказів. Розкрито історичні аспекти становлення слідчих дій в системі криміналістичних засобів кримінального процесуального доказування, обгрунтовано їх класифікацію, визначено загальні умови й тактичні вимоги до проведення, повноваження осіб на прийняття рішення, узгодження, надання дозволу та безпосереднє здійснення слідчих дій. Встановлено місце судової експертизи в системі процесуальних засобів та обґрунтовано заперечення віднесення її до слідчих дій. Окрему увагу приділено класифікації, визначенню суб’єктів прийняття рішення й проведення негласних слідчих (розшукових) дій, фіксації їх результатів. Запропоновані пропозиції до КПК України, що уточнюють повноваження слідчого судді, керівника органу досудового розслідування, порядок надання доручень слідчого, прокурора уповноваженому оперативному підрозділу на проведення негласних слідчих (розшукових) дій та фіксацію їх результатів. Пропонуються рекомендації із проведення окремих слідчих дій для використання в практиці досудового розслідування. | ||
| 650 |
_2UDC _a343 Кримінальне право. Карні порушення |
||
| 942 |
_2udc _cAR |
||
| 955 | _a1 | ||